Religious music
| Main Author: | |
|---|---|
| Format: | Book |
| Published: |
New Dehli :
Commonwealth ,
2006
|
| Subjects: |
MARC
| LEADER | 00000cam a2200000 7i4500 | ||
|---|---|---|---|
| 001 | 0000018546 | ||
| 005 | 20080606.0 | ||
| 008 | 080606 | ||
| 020 | |a 8131100006 | ||
| 090 | 0 | 0 | |a 781.7 |b PAT |
| 100 | 0 | |a Patnaik, Praveen | |
| 245 | 1 | 0 | |a Religious music |c Praveen Patnaik |
| 260 | |a New Dehli : |b Commonwealth , |c 2006 | ||
| 500 | |a Include index | ||
| 504 | |a Includes bibliographical references | ||
| 650 | 0 | |a Instruments in music | |
| 999 | |a 0001022542 |b Book |c REFERENCE |e Perbadanan Perpustakaan Awam Johor | ||